Central Library OPAC University of Rajshahi

Personality tests and assessments / (Record no. 29033)

MARC details
000 -LEADER
fixed length control field 00833nam a22002651a 4500
001 - CONTROL NUMBER
control field 29033
003 - CONTROL NUMBER IDENTIFIER
rucl marc code BD-RjUL
005 - DATE AND TIME OF LATEST TRANSACTION
control field 20211209051349.0
008 - FIXED-LENGTH DATA ELEMENTS--GENERAL INFORMATION
fixed length control field 140402r19621953enk 00110 eng d
035 ## - SYSTEM CONTROL NUMBER
System control number (BD-RjUL)29118
040 ## - CATALOGING SOURCE
Original cataloging agency PU*
Transcribing agency PU*
Modifying agency NNCU
-- BD-RjUL
Language of cataloging eng
041 ## - LANGUAGE CODE
Language code of text/sound track or separate title eng
082 00 - DEWEY DECIMAL CLASSIFICATION NUMBER
Classification number 155.28
Edition number 20
Author mark and year VEP 1962
100 1# - MAIN ENTRY--PERSONAL NAME
Personal name Vernon, Philip E.
Fuller form of name (Philip Ewart),
Dates associated with a name 1905-
9 (RLIN) 88687
245 10 - TITLE STATEMENT
Title Personality tests and assessments /
Statement of responsibility, etc. Philip E. Vernon.
260 0# - PUBLICATION, DISTRIBUTION, ETC. (IMPRINT)
Place of publication, distribution, etc. London :
Name of publisher, distributor, etc. Methuen,
Date of publication, distribution, etc. 1953. [Reprinted 1962]
300 ## - PHYSICAL DESCRIPTION
Pagination xi, 220 p. ;
Size 21cm.
504 ## - BIBLIOGRAPHY, ETC. NOTE
Bibliography, etc Includes Index
650 #0 - SUBJECT ADDED ENTRY--TOPICAL TERM
Topical term or geographic name as entry element Personality assessment.
9 (RLIN) 5570
Topical term or geographic name as entry element Personality tests.
9 (RLIN) 31110
Topical term or geographic name as entry element Personality assessment.
9 (RLIN) 5570
Topical term or geographic name as entry element Personality tests.
9 (RLIN) 31110
942 ## - ADDED ENTRY ELEMENTS (KOHA)
Source of classification or shelving scheme Dewey Decimal Classification
Koha item type Books
Holdings
Lost status Source of classification or shelving scheme Damaged status Not for loan Collection code Permanent Location Current Location Shelving location Date acquired Source of acquisition Cost, normal purchase price Total Checkouts Full call number Date last seen Copy number Koha item type Date checked out
  Dewey Decimal Classification     Non-fiction Central Library, University of Rajshahi Central Library, University of Rajshahi   24/06/1963 Zeitlinger 21.00   155.28 VEP 1962 02/04/2014 C-2 Books  
  Dewey Decimal Classification     Non-fiction Central Library, University of Rajshahi Central Library, University of Rajshahi   30/01/1973 Britain 0.00   155.28 VEP 1957 02/04/2014 C-7 Books  
  Dewey Decimal Classification     Non-fiction Central Library, University of Rajshahi Central Library, University of Rajshahi   02/04/2014       155.28 VEP 1965 02/04/2014 C-6 Books  
  Dewey Decimal Classification     Non-fiction Central Library, University of Rajshahi Central Library, University of Rajshahi   02/04/2014     1 155.28 VEP 1965 10/04/2023 C-8 Books 29/03/2023
  Dewey Decimal Classification     Non-fiction Central Library, University of Rajshahi Central Library, University of Rajshahi   02/04/2014       155.28 VEP 1965 02/04/2014 C-1 Books  
  Dewey Decimal Classification     Non-fiction Central Library, University of Rajshahi Central Library, University of Rajshahi   02/04/2014       155.28 VEP 1965 02/04/2014 C-5 Books  
  Dewey Decimal Classification     Non-fiction Central Library, University of Rajshahi Central Library, University of Rajshahi   02/04/2014       155.28 VEP 1965 02/04/2014 C-4 Books  
  Dewey Decimal Classification     Non-fiction Central Library, University of Rajshahi Central Library, University of Rajshahi   02/04/2014       155.28 VEP 1953 02/04/2014 C-3 Books